Business resilience and sustainability / (Record no. 94126)

MARC details
000 -LEADER
fixed length control field 00736nam a22002417a 4500
003 - CONTROL NUMBER IDENTIFIER
control field OSt
005 - DATE AND TIME OF LATEST TRANSACTION
control field 20260506161245.0
008 - FIXED-LENGTH DATA ELEMENTS--GENERAL INFORMATION
fixed length control field 260506b |||||||| |||| 00| 0 eng d
020 ## - INTERNATIONAL STANDARD BOOK NUMBER
International Standard Book Number 9789719825371
040 ## - CATALOGING SOURCE
Transcribing agency HS LRC
050 ## - LIBRARY OF CONGRESS CALL NUMBER
Classification number HD 30
Item number .B964 2025
100 ## - MAIN ENTRY--PERSONAL NAME
Personal name Tan, Andrew L.
9 (RLIN) 131724
245 ## - TITLE STATEMENT
Title Business resilience and sustainability /
Statement of responsibility, etc. Andrew L. Tan
260 ## - PUBLICATION, DISTRIBUTION, ETC. (IMPRINT)
Place of publication, distribution, etc. Quezon City :
Name of publisher, distributor, etc. C&E Publishing,
Date of publication, distribution, etc. c2025.
300 ## - PHYSICAL DESCRIPTION
Extent ix, 216 p. :
Other physical details col. ill. ;
Dimensions 23 cm.
365 ## - TRADE PRICE
Price amount 598.00
504 ## - BIBLIOGRAPHY, ETC. NOTE
Bibliography, etc includes index.
650 ## - SUBJECT ADDED ENTRY--TOPICAL TERM
Topical term or geographic name as entry element Management.
700 ## - ADDED ENTRY--PERSONAL NAME
Personal name Habaradas, Raymund B.
Relator term Editor
9 (RLIN) 33744
700 ## - ADDED ENTRY--PERSONAL NAME
Personal name Rivera, John Paulo R.
Relator term Editor
9 (RLIN) 131730
700 ## - ADDED ENTRY--PERSONAL NAME
Personal name Roxas, Fernando Martin y.
Relator term Editor
9 (RLIN) 131727
942 ## - ADDED ENTRY ELEMENTS (KOHA)
Source of classification or shelving scheme Library of Congress Classification
Koha item type Books
Holdings
Withdrawn status Lost status Source of classification or shelving scheme Damaged status Not for loan Collection code Home library Current library Shelving location Date acquired Source of acquisition Cost, normal purchase price Inventory number Total Checkouts Full call number Barcode Date last seen Copy number Cost, replacement price Price effective from Koha item type
    Library of Congress Classification     Circulation DLSU-D HS Learning Resource Center DLSU-D HS Learning Resource Center Circulation 06/24/2025 HS LRC SY 2024-2025 598.00 CIR-002619   HD 30 .B964 2025 3HS00000002619 05/06/2026 002619 598.00 05/06/2026 Books